| 000 | 00417nam a2200181Ia 4500 | ||
|---|---|---|---|
| 001 | 19840 | ||
| 005 | 20260306172722.0 | ||
| 008 | 260306t2007||||xx |||||||||||||| ||spa|| | ||
| 041 | _aESP | ||
| 082 |
_a341.11 _bR14 |
||
| 100 |
_aRadbruch, Gustav _eAUT |
||
| 245 | 0 | _aFilosofía del derecho | |
| 260 | _c2007 | ||
| 300 |
_a357 páginas : _c21 cm. |
||
| 650 | _aGEN | ||
| 654 | _aCDE | ||
| 942 |
_cLIB _dJUS _fJUS _2ddc _n |
||
| 999 |
_c19840 _d19840 |
||